000 00996nam a22002415i 4500
001 164599
003 ES-MaACL
005 20230906212952.0
008 940615s1890 sp |||| | spa d
040 _aAS
_bspa
100 1 _aSánchez Pérez, Antonio.
_9102840
245 1 4 _aLos hogares fríos
_b: novela española contemporánea /
_coriginal de Antonio Sánchez Pérez ; ilustrada con profusión de magníficos grabados.
260 _aBarcelona :
_bEstablecimiento Tipográfico Editorial de Ramón Molinas,
_c[s.a.]
300 _a419 p. :
_bil. ;
_c25 cm.
490 1 _aBiblioteca de "La ilustración ibérica"
596 _aPalau, t. XIX, p. 333, lo fecha de manera aproximada en 1890.
596 _aSegún CCPB siglo XIX, Ramón Molinas edita entre 1884 y 1890.
700 1 _aMolinas, Ramón.
_9130031
752 _aEspaña -
_d, Barcelona
830 0 _aBiblioteca de "La ilustración ibérica"
_9187640
852 _aES-MaACL
_jG-14987
_z-- Enc. tela grab.
999 _c164599
_d164599